Sentencing in Australia: issues, policy and reform; proceedings of a seminar 'Sentencing: problems and prospects' held at The Australian Inst. of Criminology 18 - 21 March 1986
| Beteiligte: | |
|---|---|
| Medienart: | Druck Buch |
| Sprache: | Nichtbestimmte Sprache |
| Veröffentlicht: |
Canberra
1987
|
| In: |
AIC seminar / Proceedings (13)
Jahr: 1987 |
| Bestand in Tübingen: | In Tübingen vorhanden. UB: KB 8 E 705 |
| Verfügbarkeit prüfen: | HBZ Gateway |
| Subito Bestelldienst: | Jetzt bestellen. |
| Schlagwörter: |
MARC
| LEADER | 00000cam a2200000 c 4500 | ||
|---|---|---|---|
| 001 | 1083029223 | ||
| 003 | DE-627 | ||
| 005 | 20251224215948.0 | ||
| 007 | tu | ||
| 008 | 870810s1987 xx ||||| 00| ||und c | ||
| 010 | |a 87207744 | ||
| 020 | |a 0642109958 |9 0-642-10995-8 | ||
| 035 | |a (DE-627)1083029223 | ||
| 035 | |a (DE-576)013029223 | ||
| 035 | |a (DE-599)BSZ013029223 | ||
| 035 | |a (OCoLC)18557970 | ||
| 040 | |a DE-627 |b ger |c DE-627 |e rakwb | ||
| 082 | 0 | |a 345.94/0772 | |
| 082 | 0 | |a 349.405772 | |
| 245 | 0 | 0 | |a Sentencing in Australia |b issues, policy and reform; proceedings of a seminar 'Sentencing: problems and prospects' held at The Australian Inst. of Criminology 18 - 21 March 1986 |c ed. by Ivan Potas |
| 264 | 1 | |a Canberra |c 1987 | |
| 300 | |a III, 554 S. | ||
| 336 | |a Text |b txt |2 rdacontent | ||
| 337 | |a ohne Hilfsmittel zu benutzen |b n |2 rdamedia | ||
| 338 | |a Band |b nc |2 rdacarrier | ||
| 490 | 1 | |a AIC seminar |a Proceedings |v 13 | |
| 583 | 1 | |a Archivierung prüfen |c 20200919 |f DE-640 |z 2 |2 pdager | |
| 655 | 7 | |a Konferenzschrift |0 (DE-588)1071861417 |0 (DE-627)826484824 |0 (DE-576)433375485 |2 gnd-content | |
| 700 | 1 | |a Potas, Ivan |e Hrsg. |0 (DE-627)1234408341 |0 (DE-576)164408347 |4 edt | |
| 810 | 2 | |a Australian Institute of Criminology |g Canberra |t AIC seminar / Proceedings |v 13 |9 13 |w (DE-627)1082868043 |w (DE-576)012868043 |x 0813-7005 |7 am | |
| 951 | |a BO | ||
| ELC | |b 1 | ||
| LOK | |0 000 xxxxxcx a22 zn 4500 | ||
| LOK | |0 001 2099053545 | ||
| LOK | |0 003 DE-627 | ||
| LOK | |0 004 1083029223 | ||
| LOK | |0 005 20151030144004 | ||
| LOK | |0 008 870810||||||||||||||||ger||||||| | ||
| LOK | |0 040 |a DE-21 |c DE-627 |d DE-21 | ||
| LOK | |0 852 |a DE-21 | ||
| LOK | |0 852 1 |c KB 8 E 705 |9 00 | ||
| LOK | |0 935 |a krim | ||
| LOK | |0 939 |a 10-08-87 |b l01 | ||
| ORI | |a SA-MARC-krimdoka001.raw | ||
| SIG | |a UB: KB 8 E 705 | ||
